The big book of questions and answers about Jesus / (Record no. 2900)
[ view plain ]
| 000 -LEADER | |
|---|---|
| fixed length control field | 00769cam a22002775a 4500 |
| 001 - CONTROL NUMBER | |
| control field | 518853 |
| 003 - CONTROL NUMBER IDENTIFIER | |
| control field | OSt |
| 005 - DATE AND TIME OF LATEST TRANSACTION | |
| control field | 20181019120423.0 |
| 008 - FIXED-LENGTH DATA ELEMENTS--GENERAL INFORMATION | |
| fixed length control field | 001215s2000 stka j 001 0 eng d |
| 015 ## - NATIONAL BIBLIOGRAPHY NUMBER | |
| National bibliography number | GBA1-02404 |
| 020 ## - INTERNATIONAL STANDARD BOOK NUMBER | |
| International Standard Book Number | 1857925599 |
| 035 ## - SYSTEM CONTROL NUMBER | |
| System control number | (OCoLC)ocm45593584 |
| 035 ## - SYSTEM CONTROL NUMBER | |
| System control number | (OCoLC)ocm45593584 |
| 040 ## - CATALOGING SOURCE | |
| Original cataloging agency | UKM |
| Transcribing agency | UKM |
| 049 ## - LOCAL HOLDINGS (OCLC) | |
| Holding library | PTSJ |
| 082 ## - DEWEY DECIMAL CLASSIFICATION NUMBER | |
| Classification number | 232 |
| Item number | F352B |
| 090 ## - LOCALLY ASSIGNED LC-TYPE CALL NUMBER (OCLC); LOCAL CALL NUMBER (RLIN) | |
| Classification number (OCLC) (R) ; Classification number, CALL (RLIN) (NR) | BT202 |
| Local cutter number (OCLC) ; Book number/undivided call number, CALL (RLIN) | .F474 2000 |
| 100 1# - MAIN ENTRY--PERSONAL NAME | |
| Personal name | Ferguson, Sinclair B. |
| 245 14 - TITLE STATEMENT | |
| Title | The big book of questions and answers about Jesus / |
| Statement of responsibility, etc. | Sinclair B. Ferguson. |
| 260 ## - PUBLICATION, DISTRIBUTION, ETC. | |
| Place of publication, distribution, etc. | Tain : |
| Name of publisher, distributor, etc. | Christian Focus, |
| Date of publication, distribution, etc. | 2000. |
| 300 ## - PHYSICAL DESCRIPTION | |
| Extent | 100 p. : |
| Other physical details | ill. ; |
| Dimensions | 30 cm. |
| 504 ## - BIBLIOGRAPHY, ETC. NOTE | |
| Bibliography, etc. note | Includes index. |
| 600 04 - SUBJECT ADDED ENTRY--PERSONAL NAME | |
| Personal name | Jesus Christ |
| Form subdivision | Miscellanea. |
| 650 #0 - SUBJECT ADDED ENTRY--TOPICAL TERM | |
| Topical term or geographic name entry element | Children's questions and answers. |
| 942 ## - ADDED ENTRY ELEMENTS (KOHA) | |
| Source of classification or shelving scheme | Dewey Decimal Classification |
| Koha item type | Books |
| Withdrawn status | Lost status | Source of classification or shelving scheme | Damaged status | Not for loan | Collection code | Home library | Current library | Shelving location | Date acquired | Cost, normal purchase price | Total Checkouts | Full call number | Barcode | Date last seen | Price effective from | Koha item type |
|---|---|---|---|---|---|---|---|---|---|---|---|---|---|---|---|---|
| Dewey Decimal Classification | Non-fiction | Harvest Mission College | Harvest Mission College | General Stacks | 19.10.2018 | 260.00 | 232 F352B | 003542 | 19.10.2018 | 19.10.2018 | Books | |||||
| Dewey Decimal Classification | Non-fiction | Harvest Mission College | Harvest Mission College | General Stacks | 19.10.2018 | 260.00 | 232 F352B | 003543 | 23.10.2018 | 19.10.2018 | Books |
